| 000 | 01004 a2200277 4500 | ||
|---|---|---|---|
| 003 | OSt | ||
| 005 | 20230322093446.0 | ||
| 008 | 220726s nyua||||r|||| 00| 0 eng d | ||
| 020 | _a9781138600478 | ||
| 040 | _cCHAP | ||
| 082 | 0 | 4 |
_a338.16 _bG29 _222 |
| 245 |
_aGeographical Indication and Global Agri-food : _bdevelopment and democratization / _ceditado por Alessandro Bonanno, Kae Sekine y Hart N. Feuer. |
||
| 264 | 1 |
_aAbingdon, Oxon : _aNew York, NY ; _bRoutledge, _c2020. |
|
| 300 |
_axiv, 240 páginas. _bfiguras. |
||
| 490 | 1 | _aEarthscan Food and Agriculture | |
| 504 | _aIncluye bibliografía. | ||
| 650 | 2 |
_92011 _aAgricultura sustentable |
|
| 650 | 2 |
_926254 _aComunidades rurales |
|
| 650 | 2 |
_9103673 _aSeguridad alimentaria |
|
| 650 | 2 |
_9145786 _aProducción agricola |
|
| 700 | 1 |
_9186382 _aBonanno, Alessandro _eEditor. |
|
| 700 | 1 |
_9186383 _aSekine, Kae _eEditor. |
|
| 700 | 1 |
_9186384 _aFeuer, Hart N. _eEditor. |
|
| 830 |
_9186381 _aEarthscan Food and Agriculture |
||
| 942 |
_2ddc _cLIBRO |
||
| 999 |
_c217334 _d217334 |
||